Tres momentos de un vida (Knulp) / (Record no. 80000)

MARC details
000 -LEADER
campo de control de longitud fija 00724nam a2200229 i 4500
001 - NÚMERO DE CONTROL
campo de control 80000
003 - IDENTIFICADOR DE NÚMERO DE CONTROL
campo de control ES-MaACL
005 - FECHA Y HORA DE LA ÚLTIMA TRANSACCIÓN
campo de control 20250930063103.0
007 - CAMPO FIJO DE DESCRIPCIÓN FÍSICA--INFORMACIÓN GENERAL
campo de control de longitud fija t|
008 - DATOS DE LONGITUD FIJA--INFORMACIÓN GENERAL
campo de control de longitud fija 041026s1986 sp ||||1| spa d
020 ## - NÚMERO INTERNACIONAL ESTÁNDAR DEL LIBRO
Número Internacional Estándar del Libro 84-322-0541-7
100 1# - ENTRADA PRINCIPAL--NOMBRE DE PERSONA
Nombre de persona Hesse, Hermann,
Fechas asociadas al nombre 1877-1962
9 (RLIN) 63472
245 10 - MENCIÓN DEL TÍTULO
Título Tres momentos de un vida (Knulp) /
Mención de responsabilidad, etc. Hermann Hesse ; traducción del alemán por Ana María de la Fuente.
250 ## - MENCION DE EDICION
Mención de edición 1ª ed.
260 ## - PUBLICACIÓN, DISTRIBUCIÓN, ETC.
Lugar de publicación, distribución, etc. Barcelona :
Nombre del editor, distribuidor, etc. Seix Barral,
Fecha de publicación, distribución, etc. 1986.
300 ## - DESCRIPCIÓN FÍSICA
Extensión 109 p. ;
Dimensiones 20 cm.
490 1# - MENCIÓN DE SERIE
Mención de serie Biblioteca breve
700 1# - ENTRADA AGREGADA--NOMBRE PERSONAL
Nombre de persona Fuente, Ana María de la.
9 (RLIN) 52831
830 0# - PUNTO DE ACCESO ADICIONAL DE SERIE-TÍTULO UNIFORME
Título uniforme Biblioteca breve (Seix Barral)
9 (RLIN) 227188
852 ## - LOCALIZACIÓN
Ubicación ES-MaACL
Número de control de estantería L-10452
Sublocalización o colección R.111672
Holdings
Estatus retirado Estado de pérdida Estado de daño No para préstamo Biblioteca de origen Biblioteca actual Ubicación en estantería Fecha de adquisición Fuente de adquisición Total de préstamos Signatura topográfica completa Código de barras Visto por última vez Precio de reemplazo Tipo de ítem Koha
        Biblioteca del Ateneo de Madrid Biblioteca del Ateneo de Madrid Depósito 2 17/01/2008     L-10452 1083646 23/02/2023 23/02/2023 Libro impreso